Catalog

Record Details

Catalog Search



Available copies

  • 3 of 3 copies available at LARL/NWRL Consortium. (Show)
  • 2 of 2 copies available at Lake Agassiz Regional Library.

Current holds

0 current holds with 3 total copies.

Show Only Available Copies
Location Call Number / Copy Notes Barcode Shelving Location Status Due Date
Crookston Public Library LARGE PRINT WIE (Text) 33500011847654 Main Available -
Moorhead Public Library LARGE PRINT WIE (Text) 33500011847662 Main Available -

Record details

  • ISBN: 9781410466556 (hardcover)
  • ISBN: 1410466558 (hardcover)
  • Physical Description: 487 pages (large print) : illustrations ; 23 cm.
  • Edition: Large print edition.
  • Publisher: Farminton Hills, Michigan : Thorndike Press, 2014

Content descriptions

Summary, etc.:
The Civil Rights Movement is less than a distant ... Read More
Subject: Government investigators > Fiction.
Cold cases (Criminal investigation) > Fiction.
Civil rights > United States > Fiction.
Photographs > Fiction.
Large type books.
Genre: Mystery fiction.
LDR 02791cam a2200445 i 4500
001165410
003LARL_NWRL_CONSORTIUM
00520140425124000.0
008131119s2014 miua d 000 1 eng
010 . ‡a2013046549
020 . ‡a9781410466556 (hardcover)
020 . ‡a1410466558 (hardcover)
035 . ‡a(OCoLC)863633105
040 . ‡aDLC ‡beng ‡erda ‡cDLC ‡dOCLCO ‡dBTCTA ‡dYDXCP ‡dOJ4 ‡dZGV ‡dNDS
042 . ‡apcc
043 . ‡an-us---
05010. ‡aPS3623.I382 ‡bS63 2014b
08200. ‡a813/.6 ‡223
1001 . ‡aWiehl, Lis W. ‡0(LARL_NWRL_CONSORTIUM)208109
24510. ‡aSnapshot ‡h[Large Print] / ‡cLis Wiehl.
250 . ‡aLarge print edition.
260 . ‡aFarminton Hills, Michigan : ‡bThorndike Press, ‡c2014
300 . ‡a487 pages (large print) : ‡billustrations ; ‡c23 cm.
336 . ‡atext ‡2rdacontent
337 . ‡aunmediated ‡2rdamedia
338 . ‡avolume ‡2rdacarrier
520 . ‡aThe Civil Rights Movement is less than a distant memory to Lisa Waldren -- it is someone else's memory altogether, passed on to her through the pages of history. Her life as a federal prosecutor in Boston feels utterly remote from the marches in the South that changed her father's generation -- and the entire nation -- forever. But the truth is, she was there. When a photograph surfaces showing a blond, four-year-old Lisa playing with an African-American girl at a civil rights march in Fort Worth, Lisa is faced with a jarring revelation: the girls may have been the only witnesses who observed the killer of civil rights leader Benjamin Gray... and therefore the only ones who can exonerate the death row inmate falsely accused of the murder. Soon, Lisa finds herself in the dangerous world her father had shielded her from as a child. After some searching, the Waldrens find the other little girl from the photo and, in the process, uncover conspiracy mere steps away from the likes of Bobby Kennedy, Lyndon Johnson, and J. Edgar Hoover. Based on real events and a photograph snapped by author Lis Wiehl's own G-man father.
650 0. ‡aGovernment investigators ‡vFiction. ‡0(LARL_NWRL_CONSORTIUM)165515
650 0. ‡aCold cases (Criminal investigation) ‡vFiction. ‡0(LARL_NWRL_CONSORTIUM)171531
650 0. ‡aCivil rights ‡zUnited States ‡vFiction.
650 0. ‡aPhotographs ‡vFiction.
650 0. ‡aLarge type books. ‡0(LARL_NWRL_CONSORTIUM)24284
655 7. ‡aMystery fiction. ‡2gsafd
948 . ‡hNO HOLDINGS IN LAL - 257 OTHER HOLDINGS
994 . ‡aZ0 ‡bLAL
901 . ‡a165410 ‡bOCLC ‡c165410 ‡tbiblio

Additional Resources